| 000 | 00687cam a22002413a 4500 | ||
|---|---|---|---|
| 001 | 8388 | ||
| 003 | PGUSA | ||
| 005 | 20140828083155.0 | ||
| 008 | 050601s2005||||xxu|||||s|||||000 p eng d | ||
| 040 |
_aPGUSA _beng |
||
| 042 | _adc | ||
| 050 | 4 | _aPS | |
| 100 | 1 |
_aWhitman, Walt, _d1819-1892 |
|
| 245 | 1 | 0 |
_aPoems By Walt Whitman _h[electronic resource] / _cWalt Whitman |
| 260 |
_bProject Gutenberg, _c2005 |
||
| 506 | _aPublic domain in the USA. | ||
| 516 | _aElectronic text | ||
| 653 | _aAmerican poetry -- 19th century | ||
| 700 | 1 |
_aRossetti, William Michael, _d1829-1919 |
|
| 830 | 0 |
_aProject Gutenberg _v8388 |
|
| 856 | 4 | 0 | _uhttp://www.gutenberg.org/ebooks/8388 |
| 942 | _cEB | ||
| 999 |
_c237688 _d237688 |
||